000 01170cam a2200241 4500
001 WB3709-19
008 000000n2001 000 0 eng u
035 _a(Sirsi) u111183
245 _aPlanning fails to get technology grip
260 _c2001
490 _aPlanning (for the Natural and Built Environment)
_v(1407) 23 February 2001, 1(1)
520 _aPlanners are failing to maximise the benefits of IT and GIS to the delivery of planning services, according to a Royal Town Planning Institute survey of local authorities which identifies lack of both resources and commitment from senior management as key obstacles to their effective use. The survey, "Information Technology in Local Planning Authorities", is available from the RTPI, Tel: 020 7636 9107, and can be viewed on the RTPI website at http://www.planning.haynet.com.
590 _aWB
650 _aGIS
650 _aMANAGEMENT-BUSINESS MANAGEMENT-INFORMATION MANAGEMENT
650 _aPLANNERS
650 _aPLANNING PROCESS
650 _aRTPI
650 _aTOWN PLANNING
650 _aTOWN PLANNERS
690 _aENVIRONMENTAL AND LAND CONSULTANCY-PLANNING AND DEVELOPMENT
942 _n0
999 _c66235
_d66235